Transfery Warty w zimowym okienku transferowym 20/21. - Statystyki

Ogólne statystyki
  • Ten quiz został rozwiązany 6 razy
  • Średni wynik to 4 z 6
Statystyki odpowiedzi
Cena Pozycja Poprzedni klub Piłkarz % Poprawnych
? Ofensywny pomocnik Lechia Gdańsk Sopoćko
83%
Wypożyczenie Środkowy pomocnik Pogoń Szczecin Żurawski
83%
Wypożyczenie Lewy napastnik Holstein Kiel Baku
67%
Za darmo Środkowy napastnik Nurnberg Zrelak
67%
Wypożyczenie Środkowy obrońca Werder Brema II Nawrocki
50%
? Prawy obrońca Nielba Wągrowiec Burman
33%
Nie znaleziono quizów pasujących do podanych kryteriów
Rozkład punktacji
Procent ludzi z każdym wynikiem
Percentyl według liczby udzielonych odpowiedzi
Twoja historia wyników
Nie rozwiązałeś tego quizu